La diosa mortal / (Registro nro. 13843)

000 -CABECERA
campo de control de longitud fija 01834nam a2200277 a 4500
001 - NÚMERO DE CONTROL
campo de control 1540329
003 - IDENTIFICADOR DEL NÚMERO DE CONTROL
campo de control OSt
005 - FECHA Y HORA DE LA ÚLTIMA TRANSACCIÓN
campo de control 20210921155614.0
008 - DATOS DE LONGITUD FIJA--INFORMACIÓN GENERAL
campo de control de longitud fija 160929s2014 ck gr 00011dspa d
020 ## - NÚMERO INTERNACIONAL ESTÁNDAR DEL LIBRO
Número Internacional Estándar del Libro 9789584237934
040 ## - FUENTE DE LA CATALOGACIÓN
Centro catalogador/agencia de origen CO-BoBLA
Lengua de catalogación spa
Centro/agencia transcriptor CO-BqBPB
043 ## - CÓDIGO DE ÁREA GEOGRÁFICA
Código de área geográfica s-ck---
082 04 - NÚMERO DE LA CLASIFICACIÓN DECIMAL DEWEY
Número de clasificación JN
Número de documento/Ítem SERd
100 1# - ENTRADA PRINCIPAL--NOMBRE DE PERSONA
Nombre de persona Serrano, Enrique,
Fechas asociadas al nombre 1960-
240 10 - TÍTULO UNIFORME
Título uniforme Santander-Bibliografía regional
245 13 - MENCIÓN DE TÍTULO
Título La diosa mortal /
Mención de responsabilidad, etc. Enrique Serrano.
260 ## - PUBLICACIÓN, DISTRIBUCIÓN, ETC.
Lugar de publicación, distribución, etc. Bogotá :
Nombre del editor, distribuidor, etc. Editorial Planeta Colombiana,
Fecha de publicación, distribución, etc. 2014.
300 ## - DESCRIPCIÓN FÍSICA
Extensión 270 páginas ;
Dimensiones 22 cm.
490 ## - MENCIÓN DE SERIE
Mención de serie Seix Barral. Biblioteca breve
500 ## - NOTA GENERAL
Nota general Vuelve uno de los escritores de novela histórica más prestigiosos de Colombia. Esta vez nos trae una novela sobre Livia, la poderosa esposa del emperador Augusto, madre de Tiberio, abuela de Claudio, bisabuela de Calígula Livia fue el poder tras el poder. Su personalidad ha sido objeto de curiosidad de historiadores, cineastas y escritores, entre ellos del gran Robert Graves, quien la inmortalizó en su exitosa novela Yo, Claudio, que después tuvo una serie de televisión. Livia tuvo una vida<br/>signada por el equívoco: acompañó a grandes hombres, estuvo en una época decisiva, y dejó huellas espirituales que marcaron los siglos.<br/><br/>La diosa mortal lleva al lector a la época del Imperio romano para reconstruir la vida de una mujer muy poderosa, polémica, y por lo mismo, fascinante, a través de las voces de amigos y enemigos, de mujeres y hombres, de jóvenes y viejos, que darán al lector una oportunidad<br/>de conocer al ser humano total que fue Livia Drusila, al margen de su conocida crueldad.
600 04 - PUNTO DE ACCESO ADICIONAL DE MATERIA--NOMBRE DE PERSONA
Nombre de persona Livia,
Fechas asociadas al nombre 55-29
Subdivisión de forma Novela.
600 04 - PUNTO DE ACCESO ADICIONAL DE MATERIA--NOMBRE DE PERSONA
Nombre de persona Claudio,
Títulos y otros términos asociados al nombre Emperador de Roma,
Fechas asociadas al nombre 10 a. de J. C.-54
Subdivisión de forma Novela.
650 #4 - PUNTO DE ACCESO ADICIONAL DE MATERIA--TÉRMINO DE MATERIA
Término de materia o nombre geográfico como elemento de entrada Novela colombiana.
942 ## - ELEMENTOS DE PUNTO DE ACCESO ADICIONAL (KOHA)
Fuente del sistema de clasificación o colocación
Tipo de ítem Koha Libro Literatura
949 ## - PROCESAMIENTO DE INFORMACIÓN LOCAL (OCLC)
a n
b n
Existencias
Estado de retiro Estado de pérdida Fuente del sistema de clasificación o colocación Estado dañado No para préstamo Código de colección Localización permanente Ubicación/localización actual Fecha de adquisición Fuente de adquisición Total de préstamos Signatura topográfica completa Código de barras Fecha visto por última vez Fecha del último préstamo Número de copia Precio válido a partir de Tipo de ítem Koha Nota pública
          Literatura Juvenil Biblioteca Pública San Juan Bosco Biblioteca Pública San Juan Bosco 21/09/2021 COMPRA 1 JN SERd MOS501717 11/11/2022 27/10/2022 ej 1 21/09/2021 Libro Literatura Quince dias
          Literatura Juvenil Biblioteca Pública San Juan Bosco Biblioteca Pública San Juan Bosco 21/09/2021 COMPRA 1 JN SERd MOS501718 12/11/2021 04/11/2021 ej 2 21/09/2021 Libro Literatura Quince dias

© Todos los derechos reservados para la Biblioteca Pública Municipal San Juan Bosco, 2020
Secretaria de Cultura de Mosquera
Carrera 3 N° 10 Esquina Centro Cultural Barrio El Carmén Teléfono: 8270830 Ext: 34
Funcionando con KOHA
Contacto: Biblioteca Pública Municipal San Juan Bosco/ bibliotecasanjuanbosco@mosquera-cundinamarca.gov.co
Mosquera, Cundinamarca